Statistics for ประเทศต่าง ๆ ในโลก

Click here to take the quiz!

General Stats

  • This quiz has been taken 391 times
  • The average score is 84 of 196

Answers on the Map

Answers color-coded by a green-red scale on the quiz's map according to % correct below.
 

Answer Stats

Country% Correct
ไทย
95%
สหรัฐอเมริกา
92%
จีน
90%
ลาว
89%
รัสเซีย
88%
อินเดีย
88%
เวียดนาม
86%
มาเลเซีย
86%
กัมพูชา
85%
สหราชอาณาจักร
85%
พม่า
85%
เกาหลีใต้
85%
เกาหลีเหนือ
85%
แคนาดา
84%
ญี่ปุ่น
84%
อินโดนีเซีย
81%
บราซิล
79%
ฟิลิปปินส์
77%
สเปน
77%
อิตาลี
77%
ฝรั่งเศส
76%
ออสเตรเลีย
76%
เยอรมนี
75%
เนปาล
75%
เม็กซิโก
74%
มองโกเลีย
74%
ไต้หวัน
73%
ฟินแลนด์
72%
ยูเครน
69%
ออสเตรีย
69%
แอฟริกาใต้
68%
ตุรกี
68%
อิรัก
68%
นอร์เวย์
68%
อิหร่าน
67%
กรีซ
66%
เดนมาร์ก
66%
ปากีสถาน
66%
ไอซ์แลนด์
66%
สวีเดน
66%
โปแลนด์
65%
บรูไนดารุสซาลาม
64%
โปรตุเกส
64%
คาซัคสถาน
64%
นิวซีแลนด์
64%
อียิปต์
64%
อาร์เจนตินา
63%
ชิลี
62%
ภูฏาน
62%
ไอร์แลนด์
62%
ศรีลังกา
60%
เนเธอร์แลนด์
60%
เปรู
59%
สิงคโปร์
58%
บังกลาเทศ
58%
ซาอุดีอาระเบีย
56%
ปานามา
56%
สวิตเซอร์แลนด์
56%
เวเนซุเอลา
55%
เบลเยียม
55%
อัฟกานิสถาน
53%
ติมอร์-เลสเต
53%
อิสราเอล
53%
อุรุกวัย
52%
เยเมน
51%
จอร์เจีย
51%
โคลอมเบีย
51%
ปาปัวนิวกินี
49%
สาธารณรัฐประชาธิปไตยคองโก
49%
คิวบา
49%
สาธารณรัฐคองโก
49%
ซูดาน
49%
จอร์แดน
48%
โรมาเนีย
48%
อุซเบกิสถาน
48%
โอมาน
47%
ฮังการี
46%
กาตาร์
46%
โครเอเชีย
45%
มาดากัสการ์
45%
มาลี
44%
กานา
44%
สาธารณรัฐเช็ก
43%
นครรัฐวาติกัน
43%
คูเวต
43%
ซีเรีย
42%
ไนจีเรีย
41%
ลัตเวีย
41%
โมร็อกโก
41%
เบลารุส
41%
สโลวาเกีย
41%
บัลแกเรีย
41%
ปารากวัย
40%
เอสโตเนีย
40%
ฟีจี
40%
สหรัฐอาหรับเอมิเรตส์
40%
เติร์กเมนิสถาน
40%
ทาจิกิสถาน
38%
ลิทัวเนีย
38%
เซาท์ซูดาน
38%
อาเซอร์ไบจาน
38%
เซอร์เบีย
37%
ชาด
37%
คอสตาริกา
37%
กินี
37%
กัวเตมาลา
37%
ไซปรัส
37%
เอธิโอเปีย
36%
เลบานอน
36%
สาธารณรัฐแอฟริกากลาง
36%
เคนยา
36%
ลิเบีย
35%
สาธารณรัฐโดมินิกัน
35%
เอกวาดอร์
34%
โบลิเวีย
34%
โซมาเลีย
34%
ลักเซมเบิร์ก
33%
แอลเบเนีย
33%
คีร์กีซสถาน
33%
แอลจีเรีย
32%
บอสเนียและเฮอร์เซโกวีนา
32%
เฮติ
32%
มัลดีฟส์
32%
จาเมกา
32%
นิการากัว
32%
ไนเจอร์
31%
สโลวีเนีย
31%
โมนาโก
31%
บาห์เรน
31%
คอซอวอ
29%
ตูนิเซีย
29%
แคเมอรูน
28%
ซิมบับเว
28%
ฮอนดูรัส
28%
บาฮามาส
28%
แองโกลา
27%
อาร์มีเนีย
27%
ดอมินีกา
26%
นามิเบีย
26%
หมู่เกาะโซโลมอน
25%
ตองงา
25%
ซูรินาม
25%
กายอานา
24%
มอลโดวา
24%
คิริบาส
24%
แทนซาเนีย
24%
เบลีซ
24%
กาบอง
24%
บูร์กินาฟาโซ
23%
ยูกันดา
23%
โมซัมบิก
23%
แซมเบีย
23%
เอลซัลวาดอร์
21%
บอตสวานา
21%
เซเนกัล
20%
โตโก
19%
ตรินิแดดและโตเบโก
19%
ซามัว
19%
ตูวาลู
19%
ไลบีเรีย
19%
มอลตา
19%
นอร์ทมาซิโดเนีย
19%
ปาเลา
19%
รวันดา
18%
นาอูรู
18%
ซานมารีโน
18%
วานูอาตู
18%
อันดอร์รา
17%
หมู่เกาะมาร์แชลล์
17%
กินี-บิสเซา
17%
เลโซโท
17%
มาลาวี
17%
จิบูตี
17%
แกมเบีย
16%
เบนิน
16%
บุรุนดี
15%
เอสวาตีนี
15%
บาร์เบโดส
15%
มอนเตเนโกร
15%
มอริเตเนีย
15%
ลิกเตนสไตน์
14%
เอริเทรีย
14%
มอริเชียส
13%
ไมโครนีเซีย
13%
โกตดิวัวร์
12%
เซนต์ลูเซีย
12%
เซียร์ราลีโอน
12%
คอโมโรส
11%
อิเควทอเรียลกินี
11%
เซเชลส์
11%
เซนต์วินเซนต์และเกรนาดีนส์
11%
กาบูเวร์ดี
10%
แอนติกาและบาร์บูดา
10%
เซนต์คิตส์และเนวิส
10%
เกรเนดา
10%
เซาตูเมและปรินซิปี
9%

Score Distribution

Percentile by Number Answered

Percent of People with Each Score

Your Score History

You have not taken this quiz